The Times history of the war in South Africa, (Record no. 552870)

000 -LEADER
fixed length control field 01284cam a2200277K 4500
082 04 - DEWEY DECIMAL CLASSIFICATION NUMBER
Classification number 968.048
Author Mark TIM
100 1# - MAIN ENTRY--PERSONAL NAME
Personal name Amery, L. S.
9 (RLIN) 50081
245 14 - TITLE STATEMENT
Title The Times history of the war in South Africa,
Remainder of title 1899-1902;
Statement of responsibility, etc. ed. by L.S. Amery, with many photogravure and other portraits, maps, and battle plans.
260 ## - PUBLICATION, DISTRIBUTION, ETC.
Place of publication, distribution, etc. London,
Name of publisher, distributor, etc. S. Low, Marston and Co.,
Date of publication, distribution, etc. 1900-09.
300 ## - PHYSICAL DESCRIPTION
Extent 7 v.
Other physical details fronts., ports., fold. maps, fold. plans.
Dimensions 24 cm.
500 ## - GENERAL NOTE
General note Maps in pockets of vol. 1,4, 5.
500 ## - GENERAL NOTE
General note Title of v. 1 reads: The Times history of the war in South Africa, 1899-1900.
500 ## - GENERAL NOTE
General note Vol. 1: 2d ed.
500 ## - GENERAL NOTE
General note Vol. 4: General editor: L.S. Amery; ed. by Basil Williams; v. 5: General editor: L.S. Amery, ed. by Erskine Childers; v. 7: Index and appendices, by G.P. Tallboy.
505 0# - FORMATTED CONTENTS NOTE
Formatted contents note Vol. 1 1899-1900 -- v. 2-7 1899-1902.
526 ## - STUDY PROGRAM INFORMATION NOTE
Program name 0
Interest level 0
Reading level 0
Title point value 968_048000000000000_TIM
650 #0 - SUBJECT ADDED ENTRY--TOPICAL TERM
Topical term or geographic name entry element MCE
9 (RLIN) 379
650 #0 - SUBJECT ADDED ENTRY--TOPICAL TERM
Topical term or geographic name entry element South African War, 1899-1902.
9 (RLIN) 37963
700 1# - ADDED ENTRY--PERSONAL NAME
Personal name Childers, Erskine,
9 (RLIN) 50082
700 1# - ADDED ENTRY--PERSONAL NAME
Personal name Tallboy, G. P.
9 (RLIN) 50083
700 1# - ADDED ENTRY--PERSONAL NAME
Personal name Williams, Basil,
9 (RLIN) 50084
710 2# - ADDED ENTRY--CORPORATE NAME
Corporate name or jurisdiction name as entry element Times, London.
9 (RLIN) 50140
856 40 - ELECTRONIC LOCATION AND ACCESS
Uniform Resource Identifier <a href="http://catalog.hathitrust.org/api/volumes/oclc/2326904.html">http://catalog.hathitrust.org/api/volumes/oclc/2326904.html</a>
856 40 - ELECTRONIC LOCATION AND ACCESS
Uniform Resource Identifier <a href="http://catalog.hathitrust.org/api/volumes/oclc/54561546.html">http://catalog.hathitrust.org/api/volumes/oclc/54561546.html</a>
942 ## - ADDED ENTRY ELEMENTS (KOHA)
Source of classification or shelving scheme
Koha item type Book
Holdings
Withdrawn status Lost status Source of classification or shelving scheme Damaged status Not for loan Permanent Location Current Location Shelving location Date acquired Total Checkouts Full call number Barcode Date last seen Price effective from Koha item type
          Military College of Engineering (MCE) Military College of Engineering (MCE)   01/26/2015   968.048 TIM MCE-ECT/48 01/26/2015 01/26/2015 Book
© 2023 Central Library, National University of Sciences and Technology. All Rights Reserved.